00764nam a22001931a 450000100060000000300080000600500170001400800410003103500190007204000350009104100080012608200210013411000750015524501500023026000800038030000200046050000530048065000370053316612BD-RjUL20211209000030.0180731s1960 ii 001 0 eng d a(BD-RjUL)16667 aBD-RjULcBD-RjULdBD-RjULbeng aeng a016.82bTOT 19601 a Tolstoy fiftieth death anniversary celebration committee (New Delhi)10aTolstoy:ba bibliography of books of and on Tolstoy in Indian languages /n Tolstoy fiftieth death anniversary celebration committee (New Delhi) aNew Delhi : bTolstoy 50th death anniversary celebration committee, c1960. a28 p. ;c22 cm. a" Fiftieth death anniversary publication, 1960." aBibliographyxRussian Literature